กฎหมายครูและบุคลากรทางการศึกษา. (ระเบียนเลขที่ 47007)
| 000 -LEADER | |
|---|---|
| fixed length control field | 00784nam a22001937a 4500 |
| 003 - CONTROL NUMBER IDENTIFIER | |
| control field | NALT |
| 005 - DATE AND TIME OF LATEST TRANSACTION | |
| control field | 20220315095804.0 |
| 008 - FIXED-LENGTH DATA ELEMENTS--GENERAL INFORMATION | |
| fixed length control field | s2548 th ||||| |||| 00| 0 tha d |
| 020 ## - INTERNATIONAL STANDARD BOOK NUMBER | |
| International Standard Book Number | 9745046175 |
| 040 ## - CATALOGING SOURCE | |
| Original cataloging agency | NALT |
| 090 ## - LOCALLY ASSIGNED LC-TYPE CALL NUMBER (OCLC); LOCAL CALL NUMBER (RLIN) | |
| Classification number (OCLC) (R) ; Classification number, CALL (RLIN) (NR) | KQ 24 |
| Local cutter number (OCLC) ; Book number/undivided call number, CALL (RLIN) | ก116 2548 |
| 245 00 - TITLE STATEMENT | |
| Title | กฎหมายครูและบุคลากรทางการศึกษา. |
| 260 ## - PUBLICATION, DISTRIBUTION, ETC. | |
| Place of publication, distribution, etc. | กรุงเทพฯ : |
| Name of publisher, distributor, etc. | สูตรไพศาล, |
| Date of publication, distribution, etc. | 2548 |
| 300 ## - PHYSICAL DESCRIPTION | |
| Extent | 63 หน้า ; |
| Dimensions | 26 ซม. |
| 650 04 - SUBJECT ADDED ENTRY--TOPICAL TERM | |
| Topical term or geographic name entry element | ระเบียบข้าราชการครูและบุคลากรทางการศึกษา (พ.ร.บ.) -- 2547 |
| 650 04 - SUBJECT ADDED ENTRY--TOPICAL TERM | |
| Topical term or geographic name entry element | ครู -- กฎหมายและระเบียบข้อบังคับ |
| 850 ## - HOLDING INSTITUTION | |
| Holding institution | NALT |
| 942 ## - ADDED ENTRY ELEMENTS (KOHA) | |
| Koha item type | Law Book |
| Source of classification or shelving scheme | Local Classification |
| 998 ## - STAFF NAME (NALT) | |
| -- | 109 |
| -- | อารีรัตน์ วิชาช่าง |
| Withdrawn status | Lost status | Damaged status | Not for loan | Collection code | Home library | Current library | Total Checkouts | Full call number | Barcode | Date last seen | Copy number | Price effective from | Koha item type |
|---|---|---|---|---|---|---|---|---|---|---|---|---|---|
| Law Book collection | National Assembly Library of Thailand | National Assembly Library of Thailand | KQ 24 ก116 2548 | 3961189180 | 09/06/2017 | ฉ. 1 | 09/06/2017 | Law Book | |||||
| Law Book collection | National Assembly Library of Thailand | National Assembly Library of Thailand | KQ 24 ก116 2548 | 3961189181 | 09/06/2017 | ฉ. 2 | 09/06/2017 | Law Book |
